000 01093cam a22002771 4500
001 2258
003 BD-RjUL
005 20211208233519.0
008 160924s1966 g a 000 0 g
035 _a(BD-RjUL)2285
040 _aDLC
_cTxU-Da
_dOCoLC
_dUk
_dDLC
_dBD-RjUL
_beng
041 _aeng
082 0 0 _a519.72
_223
_bKUL 1966
100 _aKünzi, Hans P.
_9157442
245 1 0 _aLineare optimierung grober systeme
_cHans P Künzi , Soo Tang Tan
260 _aBerlin ; New york :
_bSpringer-Verlag,
_c1966.
300 _a[6], 121 p. ;
_c27 cm.
490 _aLecture notes in mathematics : a collection of informal reports and seminars / Edited by A. Dold and B. Eckmann Zurich;
_v27.
650 _aLinear programming
_9137980
650 _aProgramación lineal
_9157443
700 _aTan, Soo Tang, jt. auth.
_9157444
700 _aDold, A. , Editor
_9157481
700 _aZurich, B. Eckmann, Jt. Editor
_9157482
830 _aLecture notes in mathematics : a collection of informal reports and seminars / Edited by A. Dold and B. Eckmann Zurich;
_v27.
_9157483
942 _2ddc
_cBK
999 _c2258
_d2258